Visualizzazione normale
Vista MARC
- Conferenza dei Vescovi svizzeri
di Personal Name
Records bibliografici associati: 1
001 - CONTROL NUMBER
- control field: 58545
003 - CONTROL NUMBER IDENTIFIER
- control field:
005 - DATE AND TIME OF LATEST TRANSACTION
- control field: 20200928172737.0
008 - FIXED-LENGTH DATA ELEMENTS
- fixed length control field: 200928|| aca||aabn | a|a d
040 ## - CATALOGING SOURCE
- Original cataloging agency:
- Transcribing agency:
100 ## - HEADING--PERSONAL NAME
- Personal name: Conferenza dei Vescovi svizzeri
670 ## - SOURCE DATA FOUND
- Source citation: Work cat.: (): Conferenza dei Vescovi svizzeri, La pastorale e il suicidio assistito, 2020